[Event "Sochi Amateur op 6th"]
[Site "Sochi"]
[Date "2019.04.12"]
[Round "8"]
[White "Tabaryan, Artem"]
[Black "Bugaev, Anton"]
[Result "1-0"]
[WhiteElo "2137"]
[BlackElo "1768"]
[PlyCount "107"]
[EventDate "2019.04.07"]
[EventType "swiss"]
[EventRounds "9"]
[EventCountry "RUS"]
[SourceTitle "CBM 189 Extra"]
[Source "ChessBase"]
[SourceDate "2019.05.31"]
[SourceVersion "1"]
[SourceVersionDate "2019.05.31"]
[SourceQuality "1"]

1. d4 Nf6 2. Nf3 g6 3. g3 d5 4. Bg2 Bg7 5. 0-0 0-0 6. b3 Ne4 7. Bb2 c5 8. Nbd2 Nc6 9. c3 Qa5 10. Nxe4 dxe4 11. Ne5 Nxe5 12. dxe5 Bxe5 13. Qd5 Bxc3 14. Bxc3 Qxc3 15. Qxe4 e5 16. Rfc1 Qb2 17. Qc2 Qxc2 18. Rxc2 Rb8 19. Rxc5 Re8 20. Bd5 Re7 21. Rac1 Be6 22. Bxe6 Rxe6 23. Ra5 a6 24. Rd5 Re7 25. e4 Kf8 26. Kf1 Ke8 27. Rcc5 f6 28. Rd6 Kf7 29. Ke2 Rbe8 30. Kd3 Re6 31. Rdd5 b6 32. Rc7+ R6e7 33. Rc6 Re6 34. Rd7+ R8e7 35. Rxe7+ Kxe7 36. Rc7+ Kd6 37. Rxh7 Kc5 38. Kc3 f5 39. exf5 gxf5 40. Rf7 f4 41. gxf4 exf4 42. Rxf4 b5 43. a3 a5 44. h4 Rh6 45. Rf5+ Kb6 46. h5 Rc6+ 47. Kd4 Rc1 48. Rf6+ Kb7 49. h6 Rh1 50. f4 Rh3 51. Kc5 Rh5+ 52. f5 b4 53. axb4 axb4 54. Kxb4 1-0

[Event "Sochi Amateur op 6th"]
[Site "Sochi"]
[Date "2019.04.11"]
[Round "7"]
[White "Pavlichenko, Nikita"]
[Black "Tabaryan, Artem"]
[Result "1/2-1/2"]
[WhiteElo "1678"]
[BlackElo "2137"]
[PlyCount "61"]
[EventDate "2019.04.07"]
[EventType "swiss"]
[EventRounds "9"]
[EventCountry "RUS"]
[SourceTitle "CBM 189 Extra"]
[Source "ChessBase"]
[SourceDate "2019.05.31"]
[SourceVersion "1"]
[SourceVersionDate "2019.05.31"]
[SourceQuality "1"]

1. d4 d5 2. Bf4 Nf6 3. e3 e6 4. Nf3 Be7 5. Bd3 0-0 6. h3 b6 7. 0-0 Bb7 8. Nbd2 c5 9. c3 Nbd7 10. Ne5 Ne4 11. Nxe4 dxe4 12. Bb5 Nxe5 13. dxe5 a6 14. Be2 Qxd1 15. Rfxd1 Rfd8 16. c4 Bc6 17. f3 Rxd1+ 18. Rxd1 Kf8 19. Bg3 Ke8 20. f4 b5 21. Be1 b4 22. g4 a5 23. Kg2 a4 24. Kg3 a3 25. b3 Rd8 26. h4 Rxd1 27. Bxd1 Bd8 28. g5 Bc7 29. h5 g6 30. Kh4 Ke7 31. Kg4 1/2-1/2

[Event "Sochi Amateur op 6th"]
[Site "Sochi"]
[Date "2019.04.10"]
[Round "5"]
[White "Osipov, Aleksandr"]
[Black "Tabaryan, Artem"]
[Result "1-0"]
[WhiteElo "1989"]
[BlackElo "2137"]
[PlyCount "99"]
[EventDate "2019.04.07"]
[EventType "swiss"]
[EventRounds "9"]
[EventCountry "RUS"]
[SourceTitle "CBM 189 Extra"]
[Source "ChessBase"]
[SourceDate "2019.05.31"]
[SourceVersion "1"]
[SourceVersionDate "2019.05.31"]
[SourceQuality "1"]

1. d4 d5 2. c4 e6 3. Nc3 Nf6 4. cxd5 exd5 5. Bg5 c6 6. e3 Nbd7 7. Bd3 Bd6 8. Qc2 Nf8 9. Nge2 h6 10. Bh4 Bg4 11. f3 Bh5 12. 0-0-0 Bg6 13. e4 Be7 14. Rhe1 Ne6 15. Bxf6 Bxf6 16. exd5 Bxd3 17. Qxd3 cxd5 18. Qb5+ Qd7 19. Qxd5 0-0-0 20. Qxd7+ Rxd7 21. d5 Nc7 22. Rd3 Rhd8 23. Red1 Be5 24. f4 Bd6 25. a3 Re7 26. g3 f5 27. Nd4 g6 28. Kc2 Kd7 29. Nf3 a6 30. Ne5+ Rxe5 31. fxe5 Bxe5 32. Na4 Bd6 33. Re1 Rf8 34. Nb6+ Kd8 35. Nc4 Kd7 36. Re6 Nxe6 37. dxe6+ Ke7 38. Nxd6 b5 39. Nb7 Rc8+ 40. Kd2 g5 41. b4 Kxe6 42. Rd6+ Ke5 43. Rxh6 f4 44. gxf4+ gxf4 45. Nc5 Rd8+ 46. Ke2 Rg8 47. Kf3 Rg1 48. Nd3+ Kf5 49. Rh5+ Kf6 50. Kxf4 1-0

[Event "Sochi Amateur op 6th"]
[Site "Sochi"]
[Date "2019.04.09"]
[Round "4"]
[White "Tabaryan, Artem"]
[Black "Vastrukhin, Oleg"]
[Result "0-1"]
[WhiteElo "2137"]
[BlackElo "2413"]
[PlyCount "100"]
[EventDate "2019.04.07"]
[EventType "swiss"]
[EventRounds "9"]
[EventCountry "RUS"]
[SourceTitle "CBM 189 Extra"]
[Source "ChessBase"]
[SourceDate "2019.05.31"]
[SourceVersion "1"]
[SourceVersionDate "2019.05.31"]
[SourceQuality "1"]

1. d4 g6 2. Nf3 Bg7 3. g3 d6 4. Bg2 e5 5. dxe5 dxe5 6. Qxd8+ Kxd8 7. Nc3 c6 8. Be3 Na6 9. 0-0-0+ Ke7 10. Ne4 f6 11. Nc5 Nc7 12. Nb3 Bh6 13. Bd2 b6 14. Ne1 Bd7 15. Nd3 Rd8 16. f4 exf4 17. Bxf4 c5 18. Nd2 Ne6 19. Rhf1 Nxf4 20. Nxf4 Be6 21. e3 Bg7 22. c4 Nh6 23. Bd5 Bc8 24. Rde1 Ng4 25. Nf3 Rhf8 26. Kc2 Kd6 27. h3 Ne5 28. g4 Bh6 29. Nd3 Nxf3 30. Rxf3 f5 31. Rg3 Bg5 32. Rh1 Bh4 33. Rg2 Rde8 34. Re2 Bg5 35. gxf5 Rxe3 36. Rxe3 Bxe3 37. fxg6 hxg6 38. h4 Bf5 39. Kc3 a5 40. a4 Rh8 41. Ne1 Bd4+ 42. Kd2 Bxb2 43. Nf3 Bf6 44. Ke3 Bc2 45. Kf4 Bxa4 46. Be4 Be8 47. Rb1 Kc7 48. Kg3 a4 49. Rc1 a3 50. Bb1 Bf7 0-1

[Event "Moscow op-E"]
[Site "Moscow"]
[Date "2011.02.02"]
[Round "5.124"]
[White "Tabaryan, Artem"]
[Black "Emdin, Mark"]
[Result "1/2-1/2"]
[WhiteElo "2234"]
[BlackElo "2024"]
[PlyCount "49"]
[EventDate "2011.01.29"]
[EventType "swiss"]
[EventRounds "9"]
[EventCountry "RUS"]
[SourceTitle "EXT 2022"]
[Source "ChessBase"]
[SourceDate "2021.10.06"]
[SourceVersion "1"]
[SourceVersionDate "2021.10.06"]
[SourceQuality "1"]

1. d4 d5 2. Nf3 c6 3. e3 Nf6 4. Be2 Bf5 5. 0-0 Nbd7 6. b3 e6 7. Bb2 Bd6 8. Nbd2 0-0 9. c4 Bg6 10. Ne5 Be7 11. Nxg6 hxg6 12. Qc2 Qc7 13. e4 dxe4 14. Nxe4 Nxe4 15. Qxe4 Nf6 16. Qe3 Rad8 17. Bf3 Rd7 18. g3 Rfd8 19. Rfd1 Kh7 20. Kg2 c5 21. dxc5 Bxc5 22. Qg5 Kg8 23. Qe5 Qb6 24. Qe1 Bb4 25. Bc3 1/2-1/2

[Event "Sukhumi op"]
[Site "Sukhumi"]
[Date "2008.08.12"]
[Round "9"]
[White "Tabaryan, Artem"]
[Black "Arhangelsky, Vladislav"]
[Result "1/2-1/2"]
[WhiteElo "2238"]
[BlackElo "2343"]
[PlyCount "80"]
[EventDate "2008.08.03"]
[EventType "swiss"]
[EventRounds "9"]
[EventCountry "GEO"]
[SourceTitle "CBM 126 Extra"]
[Source "ChessBase"]
[SourceDate "2008.11.05"]
[SourceVersion "1"]
[SourceVersionDate "2008.11.05"]
[SourceQuality "1"]

1. d4 Nf6 2. Nf3 b5 3. g3 Bb7 4. Bg2 e6 5. 0-0 c5 6. c3 Be7 7. Nbd2 0-0 8. Re1 d6 9. e4 Nbd7 10. Qe2 a6 11. e5 Ne8 12. Ne4 Bxe4 13. Qxe4 d5 14. Qe2 g6 15. h4 Ng7 16. Bh3 Qc7 17. Bh6 cxd4 18. Nxd4 Qb6 19. h5 b4 20. hxg6 hxg6 21. Kg2 Rfc8 22. Bxg7 Kxg7 23. Qe3 Rh8 24. Rh1 bxc3 25. bxc3 Nc5 26. Rab1 Qc7 27. c4 dxc4 28. Rbc1 Qb7+ 29. Qf3 Qd5 30. Qxd5 exd5 31. Rb1 Rhb8 32. f4 Nd3 33. Bf5 Bc5 34. Bxd3 Bxd4 35. Be2 Be3 36. Kf3 Bd2 37. Rhd1 c3 38. Bd3 a5 39. Rxb8 Rxb8 40. Rb1 Rh8 1/2-1/2

[Event "Sukhumi op"]
[Site "Sukhumi"]
[Date "2008.08.05"]
[Round "3"]
[White "Svinarenko, Pavel"]
[Black "Tabaryan, Artem"]
[Result "1-0"]
[WhiteElo "2153"]
[BlackElo "2238"]
[PlyCount "87"]
[EventDate "2008.08.03"]
[EventType "swiss"]
[EventRounds "9"]
[EventCountry "GEO"]
[SourceTitle "CBM 126 Extra"]
[Source "ChessBase"]
[SourceDate "2008.11.05"]
[SourceVersion "1"]
[SourceVersionDate "2008.11.05"]
[SourceQuality "1"]

1. e4 e6 2. Nc3 d5 3. d4 Nf6 4. e5 Nfd7 5. f4 c5 6. Nf3 Nc6 7. Be3 a6 8. Qd2 Be7 9. g3 b5 10. dxc5 Nxc5 11. Qf2 Nd7 12. Bg2 Bb7 13. 0-0 0-0 14. Ne2 Rc8 15. Ned4 Nxd4 16. Nxd4 Bc5 17. Rad1 Qc7 18. c3 b4 19. cxb4 Bxb4 20. Rc1 Qb8 21. Nb3 Rxc1 22. Rxc1 Rc8 23. Qf1 Rxc1 24. Qxc1 Qc8 25. Qxc8+ Bxc8 26. a3 Be7 27. Bh3 Kf8 28. Ba7 Bd8 29. Kf2 Ke7 30. Ke3 Nb6 31. Na5 Kd7 32. b4 Na4 33. Nb3 Nb2 34. Bf1 Kc6 35. Kd4 Na4 36. Bd3 h6 37. Nc5 Nxc5 38. Bxc5 Bb6 39. Bxb6 Kxb6 40. Bh7 Bd7 41. Bg8 Be8 42. f5 exf5 43. e6 f6 44. Bf7 1-0

[Event "Sukhumi op"]
[Site "Sukhumi"]
[Date "2008.08.04"]
[Round "2"]
[White "Tabaryan, Artem"]
[Black "Eramian, Gamlet"]
[Result "1/2-1/2"]
[WhiteElo "2238"]
[BlackElo "2023"]
[PlyCount "89"]
[EventDate "2008.08.03"]
[EventType "swiss"]
[EventRounds "9"]
[EventCountry "GEO"]
[SourceTitle "CBM 126 Extra"]
[Source "ChessBase"]
[SourceDate "2008.11.05"]
[SourceVersion "1"]
[SourceVersionDate "2008.11.05"]
[SourceQuality "1"]

1. d4 Nf6 2. Nf3 g6 3. g3 Bg7 4. Bg2 0-0 5. 0-0 d6 6. c4 c5 7. dxc5 dxc5 8. Nc3 Nc6 9. Be3 Be6 10. Qa4 Nd7 11. Ng5 Nb6 12. Nxe6 Nxa4 13. Nxd8 Nxc3 14. Nxc6 Nxe2+ 15. Kh1 bxc6 16. Bxc5 Bxb2 17. Rae1 Nc3 18. Rxe7 Rfc8 19. Bxa7 Nxa2 20. Rb1 Bf6 21. Rd7 Rd8 22. Rbb7 Rxd7 23. Rxd7 Rc8 24. Rd6 Be5 25. Rxc6 Rd8 26. Bf3 Nb4 27. Rb6 Bd4 28. Rb7 Bxa7 29. Rxa7 Rd2 30. Kg1 Nd3 31. Bd5 Rxf2 32. c5 Rc2 33. c6 Rc1+ 34. Kg2 Rc2+ 35. Kh3 Ne5 36. c7 Kg7 37. Be4 Rc4 38. Ra5 Nd7 39. Ra7 Ne5 40. Bb1 h5 41. Kg2 Ng4 42. Bd3 Rc3 43. Ba6 Rc2+ 44. Kf3 Nxh2+ 45. Ke3 1/2-1/2